| 000 | 00371 a2200145 4500 | ||
|---|---|---|---|
| 082 | _a297.1226 | ||
| 090 |
_c6597 _d6597 |
||
| 100 | _aKhan,Abdul Waheed. | ||
| 245 |
_aQur'Aanic Information. _cAbdul Waheed Khan |
||
| 250 | _a1st. | ||
| 260 |
_aKarachi. _bDefence Housing Authority. _c2010. |
||
| 300 | _a253p. | ||
| 500 | _aHard cover. | ||
| 942 |
_aNBS _cBK _k297.1226 KHA |
||
| 999 |
_c348955 _d348955 |
||